| 000 | 00572nam a2200205Ia 4500 | ||
|---|---|---|---|
| 003 | OSt | ||
| 005 | 20260423114911.0 | ||
| 008 | 210210b1982 xxu||||| |||| 00| 0 eng d | ||
| 040 | _cAL | ||
| 041 | _aKannada | ||
| 082 | _a398.355K RASK | ||
| 100 |
_aRASIKAPUTTIGE. _dರಸಿಕ ಪುತ್ತಿಗೆ _9262407 |
||
| 245 |
_aKambala-koli anka. _bಕಂಬಳ-ಕೋಳಿ ಅಂಕ |
||
| 260 |
_aBengaluru. _bAi Bi Ech Prakashana _c1982 |
||
| 300 | _a46 | ||
| 650 |
_aKambala Koli Anka _9262408 |
||
| 690 |
_aFolklore _9262409 |
||
| 906 | _a038813 | ||
| 942 |
_2ddc _cBK |
||
| 999 |
_c88928 _d88928 |
||